| 000 | 01066cam a2200349 4500 | ||
|---|---|---|---|
| 001 | 3134 | ||
| 005 | 20190607170414.0 | ||
| 010 | _a9725632591 | ||
| 010 | _a9725632656 | ||
| 010 | _a9725632788 | ||
| 021 |
_aPT _b126677/98 |
||
| 021 |
_aPT _b157988/00 |
||
| 021 |
_aPT _b222537/05 |
||
| 035 | _a(bn)878599 | ||
| 090 | _a3134 | ||
| 100 | _a19990406g19989999m y0pory5003 ba | ||
| 105 | _aa z 001yy | ||
| 106 | _ar | ||
| 200 | 1 |
_aEsclarecer-se conversando _epara jovens, catequistas e adultos _fMaria Odília R. Pereira |
|
| 210 |
_aPorto _cPerpétuo Socorro, _d1998- |
||
| 215 |
_av. _cil. _d21cm |
||
| 225 | 2 |
_aComunidade viva _v18, 19, 24 |
|
| 327 | 0 |
_a1<U+00BA> v. : Os sacramentos. - 180, [3] p. _a2<U+00BA> v. : O credo. - 272, [5] p. _a3<U+00BA> v. : Os mandamentos. - 253, [9] p. |
|
| 517 | 1 | _aOs sacramentos | |
| 517 | 1 | _aO credo | |
| 517 | 1 | _aOs mandamentos | |
| 600 | _aMaria Odília R. Pereira | ||
| 601 | _aPerpétuo Socorro, | ||
| 675 |
_a272-47(035) _vBN _zpor |
||
| 700 | 1 |
_aPereira, _bMaria Odília R. |
|
| 801 | 0 |
_aPT _bBN _gRPC |
|
| 942 | _cBK | ||